000 01642nam a2200325 c 4500
999 _c198738
_d198738
003 BLK
005 20191018113346.0
008 180411b bul|||||r ||||||| ||bul||
010 _aKNG00208088000
040 _aBLK
041 _aBUL
_cBUL
072 7 _2bullib
_aА
_xФонд Михаил Арнаудов
080 _aБългарска литература
_b821.163.2
_x(082)(075.3)
_z821.163.2(082)(075.3)
139 _aХристоматия с теоретични бележки за литературните видове
_bХ 83
245 1 0 _aХристоматия с теоретични бележки за литературните видове
_bС лит. бележки за авт. от В. Пундев, с подробни разбори на четива и обяснение на думи и изрази : За V кл. на пълните и непълни средни у-ща
_cсъстав. Иван Тодоров Дорев.
250 _a5. стереот. изд.
257 _aBGR
260 _bкниж. Казанлъшка долина
_c1929
_fСофия : Напред
300 _a397, ІІІ с.
_bс ил.
_c24 см
380 _a82
490 _9396381
_aЧастна колекция - Академик Михаил Арнаудов
_gДарение - Основен фонд
500 _a1. изд. 1923. - Мека подв.
650 4 _aЛитература - христоматии - учебници за средни училища
_9255250
659 _aА
700 1 _aДорев, Иван Тодоров
_eсъстав.
_9367496
852 _aМА 2882
856 4 _qpdf
856 4 _qpdf
942 _cKNG
_n0
_s1
944 _aCR
_c16.06.2017
_kГеновева_Генчева
944 _aED
_c16.06.2017
_kГеновева_Генчева
999 _d198738